000 02055cam a2200505Ii 4500
001 sjds834037
003 sjds
005 20190624233738.0
008 150520s2015 dcua j 001 0 spa d
020 _a9781426324963 (paperback)
020 _a1426324960 (paperback)
035 _a830840
035 _a(OCoLC)910090258
035 _a824089
035 _a(OCoLC)ocn910090258
035 _a824089
035 _a830840
040 _aBTCTA
_erda
_beng
_cBTCTA
_dIFA
041 1 _aspa
_heng
049 _aIFAA
099 _a636.8
_f2015
100 1 _aCarney, Elizabeth,
_d1981-
_eauthor.
240 1 0 _aCats vs. dogs.
_lSpanish
245 1 4 _aLos gatos vs. los perros /
_cElizabeth Carney.
246 3 _aGatos versus los perros
260 _aWashington, D.C. :
_bNational Geographic,
_c[2015]
300 _a48 pages :
_bcolor illustrations ;
_c24 cm.
336 _atext
_btxt
_2rdacontent
336 _astill image
_bsti
_2rdacontent
337 _aunmediated
_bn
_2rdamedia
338 _avolume
_bnc
_2rdacarrier
490 1 _aNational Geographic Kids. Nivel 3
500 _aTítulo original: Cats vs. dogs.
500 _aIncludes index.
505 0 0 _aLos gatos vs. los perros! -- Los sentidos -- La dieta -- La comunicación -- 10 datos interesantes sobre los perros y los gatos -- El comportamiento -- El enfrentamiento final -- Glosario -- Índice.
520 _aEver since the first youngster in history had a pet, cats vs. dogs has been a hotly debated issue at recesses and lunch tables worldwide. Which one's better? Smarter?
520 _aDesde que el primer hijo de la historia tenía una mascota, gatos vs perros ha sido un tema muy debatido en los recreos y mesas de almuerzo en todo el mundo. Cuál es mejor? Más inteligente?
546 _aText in Spanish.
650 0 _aCats
_vJuvenile literature.
650 0 _aDogs
_vJuvenile literature.
650 7 _aGatos
_vLiteratura juvenil.
_2bidex
650 7 _aPerros
_vLiteratura juvenil.
_2bidex
830 0 _aNational Geographic kids.
_nLevel 3.
_lSpanish.
942 _cBK
999 _c19598
_d19598